| 000 | 03722cam a2200409 i 4500 | ||
|---|---|---|---|
| 001 | data | ||
| 005 | 20260322212105.0 | ||
| 008 | data | ||
| 035 | _a19079883 | ||
| 906 |
_a7 _bcbc _corignew _d1 _eecip _f20 _gy-gencatlg |
||
| 925 | 0 |
_aacquire _b1 shelf copy _xpolicy default |
|
| 955 |
_dxg06 2016-05-03 _exg06 2016-05-03 to Dewey _wxm06 2016-05-03 _fxg16 2016-10-05 to LL |
||
| 010 | _a 2016020960 | ||
| 020 |
_a9781107154797 _qhardback |
||
| 020 |
_a9781316608357 _qpaperback |
||
| 040 |
_aDLC _beng _cDLC _erda _dDLC |
||
| 042 | _apcc | ||
| 050 | 0 | 0 |
_aK3165 _b.A87 2016 |
| 082 | 0 | 0 |
_a342 _223 |
| 084 |
_aLAW018000 _2bisacsh |
||
| 245 | 0 | 0 |
_aAssessing constitutional performance / _cedited by Tom Ginsburg, University of Chicago; Aziz Huq, University of Chicago. |
| 264 | 1 |
_aNew York, NY : _bCambridge University Press, _c2016. |
|
| 300 |
_axiii, 431 pages : _billustrations ; _c24 cm. |
||
| 336 |
_atext _btxt _2rdacontent |
||
| 337 |
_aunmediated _bn _2rdamedia |
||
| 338 |
_avolume _bnc _2rdacarrier |
||
| 490 | 0 | _aComparative constitutional law and policy | |
| 504 | _aIncludes bibliographical references (pages 417-420) and index. | ||
| 505 | 0 | _aAssessing constitutional performance / Tom Ginsburg and Aziz Z. Huq -- Hippocratic constitutional design / Aziz Z. Huq -- What is a good constitution? Assessing the constitutional proposal in the Icelandic experiment / Helene Landemore -- When is a constitution doing well? The Alberdian test in the Americas / Roberto Gargarella -- Parties and constitutional performance / Martin Shapiro - Constitutional performance in transitions from military to civilian rule / Ozan O. Varol -- Constitutional permissiveness, constitutional restrictiveness, and religious freedom / Hanna Lerner -- Performance of constitutions : transitional provisions / Sumit Bisarya -- Time and constitutional efficacy / Zachary Elkins, Tom Ginsburg and James Melton -- Competitive democracy and the constitutional minimum core / Rosalind Dixon and David Landau -- Ambedkar's constitution : promoting inclusion, opposing majority tyranny / Martha C. Nussbaum -- Assessing the constitutionn of Kenya 2010 fie years later / James Thuo Gathii -- The Arab Spring constitutions : for whose benefit? / Zaid Al-Ali -- Stability in flexibility : a British lens on constitutional success / Erin F. Delaney. | |
| 520 |
_a"From London to Libya, from Istanbul to Iceland, there is great interest among comparative constitutional scholars and practitioners about when a proposed constitution is likely to succeed. But what does it mean for a constitution to succeed? Are there universal criteria of success, which apply across the board? Or is the choice of criteria entirely idiosyncratic? This edited volume takes on the idea of constitutional success and shows the manifold ways in which it can be understood. It collects essays from philosophers, political scientists, political scientists, empiricists, and legal scholars, that approach the definition of constitutional success from many different angles. It also brings together case studies from Africa, Europe, Latin America, the Middle East, and Asia. By exploring a varied array of constitutional histories, this book shows how complex ideas of 'constitutional success' play out differently in different contexts and provides examples of how "success" can be differently defined under different circumstances"-- _cProvided by publisher. |
||
| 650 | 0 | _aConstitutional law. | |
| 650 | 0 | _aConstitutional history. | |
| 650 | 0 | _aComparative law. | |
| 650 | 7 |
_aLAW / Constitutional. _2bisacsh |
|
| 700 | 1 |
_aGinsburg, Tom, _eeditor. |
|
| 700 | 1 |
_aHuq, Aziz Z., _eeditor. |
|
| 999 |
_c1545 _d1545 |
||